| 000 | 00564nam a2200193Ia 4500 | ||
|---|---|---|---|
| 005 | 20250423100745.0 | ||
| 008 | 250422s9999 xx 000 0 und d | ||
| 020 | _a9788131247129 | ||
| 050 | _aRC 78.7 .D74/ | ||
| 100 | _aTorigian Drew A. & Parvati Ramchandani | ||
| 245 | 0 | _aRadiology secrets plus | |
| 250 | _a1st Asia ed. | ||
| 260 | _aSouth Asia | ||
| 260 | _bElsevier Limited | ||
| 260 | _c2016 | ||
| 300 | _a911 p | ||
| 650 | _aRadiology Diagnostic imaging--Examination questions. Radiology--Examination questions. Diagnostic imaging | ||
| 942 | _cBK | ||
| 999 |
_c34251 _d34251 |
||